| 000 | 00755pam a2200277 a 4500 | ||
|---|---|---|---|
| 003 | data | ||
| 005 | 20260322212021.0 | ||
| 008 | data | ||
| 010 | _a94002208 | ||
| 020 | _a0786860278 : | ||
| 020 | _a9780786860272 : | ||
| 040 |
_aDLC _cDLC _dOSS |
||
| 043 | _an-us--- | ||
| 050 | 0 | 0 |
_aNC1766.U52 _bD569 1994 |
| 099 | _aDISNEW | ||
| 100 | 1 |
_aThomas, Bob, _d1922- |
|
| 245 | 1 | 0 |
_aWalt Disney : _ban American original / _cBob Thomas. |
| 250 | _a1st ed. | ||
| 260 |
_aNew York, N.Y. : _bHyperion, _cc1994. |
||
| 300 |
_a379 p. : _bill. ; _c24 cm. |
||
| 500 | _aOriginally published: New York : Simon and Schuster, c1976. | ||
| 500 | _aIncludes index. | ||
| 600 | 1 | 0 |
_aDisney, Walt, _d1901-1966. |
| 650 | 0 |
_aAnimators _zUnited States _xBiography. |
|
| 001 | data | ||
| 999 |
_c461 _d461 |
||